Normal view
MARC view
- Kleitz, William
Entry Personal Name
001 - CONTROL NUMBER
- control field: 96710
003 - CONTROL NUMBER IDENTIFIER
- control field: NUST
005 - DATE AND TIME OF LATEST TRANSACTION
- control field: 20220810113713.0
008 - FIXED-LENGTH DATA ELEMENTS
- fixed length control field: 220810|| aca||aabn | a|a d
040 ## - CATALOGING SOURCE
- Original cataloging agency: NUST
- Transcribing agency: NUST
100 ## - HEADING--PERSONAL NAME
- Personal name: Kleitz, William
670 ## - SOURCE DATA FOUND
- Source citation: Work cat.: (NUST)175651: Kleitz, William., Digital electronics with VHDL / (Include CD) , c2004.
